00337nam a2200133Ia 4500008004100000020001500041041000800056082001500064100002000079245003900099250000600138260004500144300001400189210716s2000 xx 000 0 und d a019829705X aeng a158.7 COOL aCooper, Cary L. aTheories of organizational stress. a1 aNew DelhibOxford University Pressc2000 axviii,275